00398cam a22001097a 4500008003800000082001600038245008400054260004900138500002400187650003100211700004600242180718b-- xxu||||| |||| 00| 0 eng d aL906x5441 E aEpitome of CAG's reports, Gujaratcby Accountant General (Civil Audit), Gujarat aRajkotbAccountant General (Civil Audit)c-- aLibrary has 2009/10 aAuditing - India - Gujarat aGujarat. Accountant General (Civil Audit)